| 000 | 01022cam a2200325 4500 | ||
|---|---|---|---|
| 001 | 3606219 | ||
| 003 | OSt | ||
| 005 | 20251208130628.0 | ||
| 008 | 730510t19731972nyua 001 0 eng | ||
| 010 | _a 72080370 | ||
| 020 | _a0064601498 | ||
| 020 | _a9780064601498 | ||
| 035 | _a3606219 | ||
| 040 |
_aDLC _cDLC _dDLC |
||
| 050 | 0 | 0 |
_aQC32 _b.B37 1973 |
| 082 | 0 | 0 | _a530/.076 |
| 100 | 1 |
_aBennett, Clarence E. _q(Clarence Edwin), _d1902- |
|
| 245 | 1 | 0 |
_aPhysics problems _c[by] Clarence E. Bennett. |
| 250 | _a2d ed. | ||
| 260 |
_aNew York, _bBarnes & Noble Books _c[1973, c1972] |
||
| 300 |
_aviii, 277 p. _billus. _c21 cm. |
||
| 336 |
_atext _btxt _2rdacontent |
||
| 337 |
_aunmediated _bn _2rdamedia |
||
| 338 |
_avolume _bnc _2rdacarrier |
||
| 490 | 0 | _aBarnes & Noble college outline series, COS 149 | |
| 650 | 0 |
_aPhysics _xProblems, exercises, etc. |
|
| 906 |
_a7 _bcbc _corignew _d2 _eopcn _f19 _gy-gencatlg |
||
| 942 |
_2lcc _cBK |
||
| 999 |
_c265472 _d265471 |
||